Vzťahy bez slov -neverbalita prezradí viac

Bibliographic Details
Main Authors: Lauková, Nora (Author), Adamová, Mária, 1948- (Author)
Format: Book
Language:Slovak
PhysicalDescription:236 s. čierno-biele fotogr. 22 cm
Published: Bratislava Timy Partners 2014
ISBN:9788089311484
Edition:1. vyd.
Subjects:

MARC

LEADER 00000cam a2200000 a 4500
001 vtls010644177
003 SK-MaSNL
005 20260301215320.0
008 240313s2014 xo o g n 000 0 slo
015 |a SNBA2017/07 
020 |a 9788089311484  |q (brož.) 
035 |a urn:nbn:sk:snk-am00dfqr 
035 |a urn:nbn:sk:snk-am3i0qy 
035 |a 276532C4-6253-4B96-9D1A-FE405BF67642 
040 |a SNK  |b slo  |c SNK  |e AACR2 
041 |a slo 
044 |a xo  |c SK 
072 7 |a 316.4/.7  |x Sociálne interakcie  |2 konspekt 
080 |a 316.772.2  |2 2011 
080 |a (0.062)  |2 2011 
100 1 |a Lauková, Nora  |4 aut  |9 570298 
245 1 0 |a Vzťahy bez slov  |b -neverbalita prezradí viac  |c Nora Lauková ; [spoluautorka Mária Adamová] 
250 |a 1. vyd. 
260 |a Bratislava  |b Timy Partners  |c 2014 
300 |a 236 s.  |b čierno-biele fotogr.  |c 22 cm 
504 |a Bibliogr.: s. 236 
650 0 7 |a neverbálna komunikácia  |2 SNKPH  |9 78939 
650 0 7 |a Nonverbal communication  |2 SNKPHeng  |9 291148 
655 7 |a populárno-náučné publikácie  |2 SNKPH  |9 70460 
655 7 |a Popular works  |2 SNKPHeng  |9 90287 
700 1 |a Adamová, Mária,  |d 1948-  |4 aut  |9 85523 
919 |a 978-80-89311-48-4 
958 |a NB 
999 |c 927743  |d 929673 
952 |a SNK  |b SNK  |y PREZ  |7 0  |p 17A1269006  |o snkSC 175496  |i snk2017/16528  |8 0  |0 0  |1 0  |4 0  |d 2017-07-18  |f 1  |l 0  |r 2025-09-17 00:00:00  |w 2026-02-24 
952 |a SNK  |b SNK  |y VYP  |7 0  |p 17A1269007  |o snkSC 175496 D1  |i snk2017/16529  |8 0  |0 0  |1 0  |4 0  |d 2017-07-18  |l 0  |r 2026-02-24 08:38:31  |w 2026-02-24